| 000 | 00567nam a22001697a 4500 | ||
|---|---|---|---|
| 005 | 2012052805335.0 | ||
| 020 | _c65.00 | ||
| 035 | _aA-799565 | ||
| 037 |
_aDPL _bENG |
||
| 100 |
_aAgarwal, D.C. _948038 |
||
| 245 |
_aTensor calculus and riemannian geometry / _cby D.C. Agarwal |
||
| 250 | _a15th ed. | ||
| 260 |
_aMeerut _bKrishna Prakashan Media _c1997 |
||
| 300 |
_axi, 291p. _c18 cms. |
||
| 942 |
_2ddc _cEN _h515.63 _mAGA |
||
| 999 |
_c67229 _d67229 |
||